| 000 | 01065 a2200241 4500 | ||
|---|---|---|---|
| 003 | Nust | ||
| 005 | 20221108125801.0 | ||
| 010 | _a 95009049 | ||
| 020 | _a0133209121 (alk. paper) | ||
| 040 | _cNust | ||
| 082 | 0 | 0 | _a511.KOL |
| 100 | 1 |
_aKolman, Bernard, _938800 |
|
| 245 | 1 | 0 |
_aDiscrete mathematical structures. _cBernard Kolman, Robert C. Busby & Sharon Ross. |
| 250 | _a 5th ed. | ||
| 260 |
_aUpper Saddle River, N.J. : _bPrentice Hall, _cc1996. |
||
| 300 |
_axvii, 524 p. : _bcol. ill. ; _c25 cm. |
||
| 505 | _a Fundamentals (Page-1), Logic (Page-50), Counting (Page-78), Relations and Digraphs (Page-110), Functions (Page-168), Order Relations and Structures (Page-200), Trees (Page-254), Topics in Graph Theory (Page-290), Semigroups and Groups (Page-329),Languages and Finite-State Machines (Page-372), Groups and Coding (Page-416). | ||
| 650 | 0 |
_aComputer science _xMathematics. _917957 |
|
| 700 | 1 |
_aBusby, Robert C. _939077 |
|
| 700 | 1 |
_aKolman, Bernard, _d1932- _917978 |
|
| 700 | 1 |
_aRoss, Sharon Cutler, _d1943- _995721 |
|
| 942 |
_2ddc _cBK _k511.KOL |
||
| 999 |
_c176876 _d176876 |
||